The undercover economist (Registro nro. 67724)

Detalles MARC
000 -ENCABEZADO
Número de control [NR] 01188nam a22002537a 4500
005 - FECHA Y HORA DE LA ÚLTIMA TRANSACCIÓN
control field 20181213093510.0
008 - DE LONGITUD FIJA DE DATOS DE ELEMENTOS - INFORMACIÓN GENERAL
Elementos de longitud fija [NR] 130821s2006 xxu gs eng
020 ## - NUMERO INTERNACIONAL NORMALIZADO PARA LIBROS [R]
Número Internacional Normalizado del libro [NR] 1419392808
020 ## - NUMERO INTERNACIONAL NORMALIZADO PARA LIBROS [R]
Número Internacional Normalizado del libro [NR] 9781419392801
040 ## - FUENTE DE CATALOGACION [NR]
Agencia de catalogación original [NR] Co-BoUCM
Idioma de catalogación [NR] spa
Quien Cataloga Luz Cupitra (modificó)
Quien Clasifica [Nuevo]
041 00 - CODIGO DE IDIOMA [R]
Código de idioma para texto/pista de sonido o título separado [R] Inglés
092 ## - SIGNATURA TOPOGRAFICA LOCAL
Número de clasificación local CD 0233
100 1# - ASIENTO PRINCIPAL--NOMBRE PERSONAL [NR]
Nombre personal [NR] Harford, Tim
Fechas asociadas con el nombre [NR] 1973-
ID Autoridad 95023
245 14 - MENCION DE TITULO [NR]
Título [NR] The undercover economist
Mención de responsabilidad, etc. [NR] [CD-ROM]
-- Tim Harford ; narrado por : Robert Ian Mackenzie
246 #4 - FORMA VARIANTE DEL TITULO [R]
Título propiamente dicho/forma breve del título [NR] The undercover economist exposing why the rich are rich, the poor are poor--and why you can never buy a decent used car!
260 ## - PUBLICACION, DISTRIBUCION, ETC. (PIE DE IMPRENTA) [R]
Lugar de publicación, distribución, etc. [R] Prince Frederick (Maryland, Estados Unidos)
Nombre del editor, distribuidor, etc. [R] Recorded Books
Fecha de publicación, distribución, etc. [R] 2006
300 ## - DESCRIPCION FISICA [R]
Extensión [R] 9 CD-ROM
520 ## - NOTA DE RESUMEN, ETC. [R]
Nota de sumario, etc. [NR] Tim Harford reveals the economics behind everything from supermarkets to insurance companies to airlines in this entertaining and informative book. To protect both our wallets and our bank accounts, we must better understand why companies do what they do.
650 04 - ASIENTO SECUNDARIO DE MATERIA - TERMINO TEMATICO [R]
Término temático o nombre geográfico como elemento de entrada [NR] Economía
9 (RLIN) 174
650 04 - ASIENTO SECUNDARIO DE MATERIA - TERMINO TEMATICO [R]
Término temático o nombre geográfico como elemento de entrada [NR] Guías de consumidores
9 (RLIN) 16646
650 04 - ASIENTO SECUNDARIO DE MATERIA - TERMINO TEMATICO [R]
Término temático o nombre geográfico como elemento de entrada [NR] Historia económica
Subdivisión cronológica [R] 1990
9 (RLIN) 173
700 1# - ASIENTO SECUNDARIO - NOMBRE PERSONAL [R]
Nombre personal [NR] Mackenzie, Robert Ian
9 (RLIN) 95024
942 ## - ELEMENTOS DE ENTRADA AGREGADOS (KOHA)
Tipo de ítem principal el descrito en 300a Multimedia
Sistema de clasificación LOCAL
Tema principal Economía
Edición 1
Clasificación 658.8
Parte restante de la signatura top. B196L
Existencias
Fecha de último préstamo Código de barras Última vez visto Volúmen / Fascículo Ejemplar Price effective from Tipo de ítem Perdido Sistema de clasificación Dañado No prestable Tipo de ítem específico Suprimido Ubicación habitual Ubicación actual Localización Fecha de creación Forma de adquisición Costo Signatura topográfica Total préstamos
30/08/2010 100107341 29/08/2023 CD 0233 DISCO 1 Ej.1 03/02/2013 Multimedia   DEWEY     CD-Rom   Bodega Bodega Préstamo 4 días después de solicitado 28/02/2010 Compra 67000.00    
30/08/2010 100107333 29/08/2023 CD 0233 DISCO 2 Ej.2 03/02/2013 Multimedia   DEWEY     CD-Rom   Bodega Bodega Préstamo 4 días después de solicitado 28/02/2010 Compra 67000.00 CD 0233 DISCO 1  
30/08/2010 100107334 29/08/2023 CD 0233 DISCO 3 Ej.1 03/02/2013 Multimedia   DEWEY     CD-Rom   Bodega Bodega Préstamo 4 días después de solicitado 28/02/2010 Compra 67000.00 CD 0233 DISCO 4  
30/08/2010 100107344 29/08/2023 CD 0233 DISCO 4 Ej.2 03/02/2013 Multimedia   DEWEY     CD-Rom   Bodega Bodega Préstamo 4 días después de solicitado 28/02/2010 Compra 67000.00 CD 0233 DISCO 1  
30/08/2010 100107345 29/08/2023 CD 0233 DISCO 5 Ej.2 03/02/2013 Multimedia   DEWEY     CD-Rom   Bodega Bodega Préstamo 4 días después de solicitado 28/02/2010 Compra 67000.00 CD 0233 DISCO 1  
30/08/2010 100107346 29/08/2023 CD 0233 DISCO 6 Ej.2 03/02/2013 Multimedia   DEWEY     CD-Rom   Bodega Bodega Préstamo 4 días después de solicitado 28/02/2010 Compra 67000.00 CD 0233 DISCO 5  
30/08/2010 100107338 29/08/2023 CD 0233 DISCO 7 Ej.1 03/02/2013 Multimedia   DEWEY     CD-Rom   Bodega Bodega Préstamo 4 días después de solicitado 28/02/2010 Compra 67000.00    
30/08/2010 100107339 29/08/2023 CD 0233 DISCO 8 Ej.1 03/02/2013 Multimedia   DEWEY     CD-Rom   Bodega Bodega Préstamo 4 días después de solicitado 28/02/2010 Compra 67000.00    
30/08/2010 100107340 29/08/2023 CD 0233 DISCO 9 Ej.1 03/02/2013 Multimedia   DEWEY     CD-Rom   Bodega Bodega Préstamo 4 días después de solicitado 28/02/2010 Compra 67000.00    
30/08/2010 100107349 10/12/2024 CD 0233 DISCO 9 Ej.2 03/02/2013 Multimedia   DEWEY     CD-Rom   Claustro Claustro Colección digital 28/02/2010 Compra 67000.00